000 00928nas a2200301 4500
001 BR2010005944
003 BR-BrBNA
005 20231205114809.0
007 ta
008 230509b bl.|||p| |||| 00| 00por d
040 _aBR-BrBNA
_bpor
_cBiblioteca Nacional de Agricultura
041 _a(Pt)
072 _aQ02
100 1 _aMorgado, C.M.A.
100 1 _aDurigan, J.F.
100 1 _aSanches, J.
100 1 _aGalati, V.C.
100 1 _aOgassavara, F.O.
245 1 _aConservação pós-colheita de frutos de pimentão sob diferentes condições de armazenamento e filmes
650 _aPIMENTÃO
650 _aPÓS-COLHEITA
650 _aARMAZENAMENTO
650 _aREFRIGERAÇÃO
650 _aPRESERVAÇÃO DE ALIMENTO
773 0 _tHorticultura Brasileira (Brazil)
_xISSN 0102-0536
_g(Apr-Jun 2008), v. 26(2) p. 170-174
_wBR2010005944
909 _a202311
_bLúcia
_c55
_dLúcia Elande
942 _2AGRIS
_n0
_cANA
999 _c210542
_d210542